📖 150 premiers mots"Les vacances d'un sérial..."Monfils - Statistiques

Statistiques générales
  • Ce quiz a Ă©tĂ© pris 13 fois
  • Le rĂ©sultat moyen est 94 sur 150
Statistiques - réponses
Mots % Correct
Ă 
100%
a
100%
Alphonse --
100%
c'
100%
Costa
100%
de
100%
del
100%
Destrooper
100%
Destrooper,
100%
et
100%
t'
100%
un
100%
en
91%
est
91%
Fonske --,
91%
il
91%
Il
91%
Josette
91%
jour
91%
l'
91%
la
91%
La
91%
Le
91%
le
91%
Les
91%
les
91%
mer
91%
s'
91%
sa
91%
se
91%
Seagal,
91%
ses
91%
Sol
91%
Son
91%
son
91%
Steven,
91%
Steven
91%
tous
91%
Blankenberge,
82%
des
82%
du
82%
oĂą
82%
qu'
82%
arrivé !
73%
dans
73%
fille,
73%
fils
73%
grand
73%
mère,
73%
quand
73%
qui
73%
sur
73%
va
73%
as
64%
avoir
64%
Nord
64%
par
64%
père,
64%
'playa'
64%
Ceux
55%
deux
55%
famille
55%
ont
55%
bol.
45%
mal
45%
prénom
45%
quatre,
45%
trois
45%
aîné,
36%
autres
36%
doit
36%
encore,
36%
jours
36%
pognon
36%
rendent
36%
sont
36%
vont
36%
idole
27%
pleut
27%
surnommé
27%
arrière
18%
coeur.
18%
connaît
18%
départ.
18%
films
18%
trouver,
18%
voiture.
18%
chemise
9%
fleurs
9%
partir
9%
punchs.
9%
short
9%
short ...
9%
sirotant
9%
tenue
9%
combat,
0%
crème
0%
déjà
0%
enduire
0%
enfilé
0%
fumeurs
0%
glandeurs
0%
installés
0%
kaki,
0%
lions
0%
lions.
0%
pampa.
0%
parka,
0%
pavaner
0%
pétards,
0%
prĂŞt
0%
Sauf
0%
solaire
0%
traquer
0%
Aucun quiz correspondant
Distribution des résultats
% des personnes avec chaque résultat
Percentile par nombre de réponses
Votre historique - résultats
Vous n’avez pas pris ce quiz